| 000 | 01049nam a2200253Ia 4500 | ||
|---|---|---|---|
| 999 |
_c52916 _d52916 |
||
| 001 | 19946 | ||
| 003 | GE_BSU | ||
| 005 | 20200518221308.0 | ||
| 008 | 181216s1981||||ge |||||||||||||| ||geo|| | ||
| 040 | _cGE_BSU | ||
| 041 | _ageo | ||
| 080 | _a81'322.4 ჩ-95 | ||
| 100 |
_aჩხაიძე, მიხეილ _98081 |
||
| 245 |
_aავტომატური თარგმანი / _cმიხეილ ჩხაიძე ; რედ. ზ. კიკნაძე ; დ. გრიქუროვა. |
||
| 264 |
_aთბილისი : _bთბილ. უნ-ტის გამ-ბა, _c1981. |
||
| 300 |
_a129 გვ. ; _c25 სმ. |
||
| 541 | _h1ლ.90თ. | ||
| 653 | _aავტომატური თარგმანი | ||
| 653 | _aმანქანური თარგმანი | ||
| 653 | _aქართული ენა | ||
| 700 |
_a კიკნაძე, ზ. _eრედაქტორი _98082 |
||
| 700 |
_aგრიქუროვა, დ. _eრედაქტორი _98052 |
||
| 942 |
_cBK _2udc |
||